[Event "14. Open de la Constitución 2013"]
[Site "San Sebastian de los Reyes ES"]
[Date "2013.12.08"]
[Round "9.11"]
[White "Lianes Garcia, Marcos"]
[Black "Cavalle Pulla, Daniel"]
[Result "1/2-1/2"]
[WhiteElo "1790"]
[BlackElo "1985"]
[PlyCount "90"]
[EventDate "2013.11.30"]
[EventType "swiss"]
[EventRounds "9"]
[EventCountry "ESP"]
[Source "lmi"]
[SourceDate "2013.11.30"]

1. d4 Nf6 2. c4 c5 3. d5 b5 4. cxb5 a6 5. b6 Qxb6 6. Nc3 d6 7. Nf3 g6 8. e4
Nbd7 9. Nd2 Bg7 10. Nc4 Qc7 11. Be2 Nb6 12. Ne3 O-O 13. Qc2 e6 14. dxe6 Bxe6
15. O-O d5 16. exd5 Nfxd5 17. Ncxd5 Nxd5 18. Nxd5 Bxd5 19. Bc4 Bc6 20. Re1 Qb7
21. Bf1 Rac8 22. Rb1 Rfd8 23. Qc4 Bb5 24. Qb3 c4 25. Qg3 Re8 26. Rxe8+ Rxe8 27.
Bd2 Qd5 28. Bc3 Be5 29. Bxe5 Rxe5 30. Qc3 Rg5 31. Re1 Qc6 32. f3 Rd5 33. Rc1
Qc5+ 34. Kh1 Qf2 35. Bxc4 Rd2 36. Bxf7+ Kxf7 37. Qc7+ Ke6 38. Qc8+ Bd7 39. Qg8+
Ke5 40. Qg7+ Kf5 41. Qf7+ Kg5 42. Qe7+ Kh6 43. Qf8+ Kg5 44. Qe7+ Kh6 45. Qf8+
Kg5 1/2-1/2

[Event "14. Open de la Constitución 2013"]
[Site "San Sebastian de los Reyes ES"]
[Date "2013.12.08"]
[Round "9.12"]
[White "Ruiz Sanchez, Roberto"]
[Black "Tronch Ilzarbe, Carlos Maria"]
[Result "1/2-1/2"]
[WhiteElo "1972"]
[BlackElo "1753"]
[PlyCount "50"]
[EventDate "2013.11.30"]
[EventType "swiss"]
[EventRounds "9"]
[EventCountry "ESP"]
[Source "lmi"]
[SourceDate "2013.11.30"]

1. e4 c5 2. Nf3 d6 3. d4 cxd4 4. Nxd4 Nf6 5. Nc3 a6 6. Be2 e5 7. Nb3 Be7 8. O-O
Be6 9. f4 Qc7 10. Kh1 O-O 11. f5 Bd7 12. Bf3 Bc6 13. Qe2 b5 14. a3 Nbd7 15. g4
d5 16. Nxd5 Bxd5 17. exd5 e4 18. Bxe4 Nxe4 19. Qxe4 Nf6 20. Qg2 Qc4 21. Rd1 Qc7
22. g5 Nxd5 23. Qxd5 Qxc2 24. Rf1 Rfd8 25. Qg2 Qxb3 1/2-1/2

[Event "14. Open de la Constitución 2013"]
[Site "San Sebastian de los Reyes ES"]
[Date "2013.12.08"]
[Round "9.13"]
[White "Marcos Herrero, Francisco"]
[Black "Montiel Miguelez, Manuel"]
[Result "1-0"]
[WhiteElo "1939"]
[BlackElo "1906"]
[PlyCount "77"]
[EventDate "2013.11.30"]
[EventType "swiss"]
[EventRounds "9"]
[EventCountry "ESP"]
[Source "lmi"]
[SourceDate "2013.11.30"]

1. d4 Nf6 2. c4 e6 3. g3 d5 4. Nf3 Nbd7 5. Bg2 Be7 6. O-O O-O 7. Qc2 c6 8. Nbd2
Re8 9. e4 dxe4 10. Nxe4 Nxe4 11. Qxe4 Nf6 12. Qe2 Bd7 13. Rd1 Qa5 14. Ne5 Rad8
15. Bd2 Bb4 16. Be3 h6 17. a3 Bd6 18. Rd3 Bxe5 19. b4 Qc7 20. dxe5 Qxe5 21.
Rad1 Qb8 22. Bh3 Qc7 23. R1d2 Ra8 24. Qf3 c5 25. b5 a6 26. Bf4 Qa5 27. Be5 axb5
28. Bxf6 Bc6 29. Qg4 g6 30. Qh4 Kh7 31. Bg5 h5 32. g4 bxc4 33. gxh5 Kg8 34.
hxg6 fxg6 35. Rd7 Bxd7 36. Rxd7 Qe1+ 37. Kg2 Qe5 38. Qh7+ Kf8 39. Rf7# 1-0

[Event "14. Open de la Constitución 2013"]
[Site "San Sebastian de los Reyes ES"]
[Date "2013.12.08"]
[Round "9.14"]
[White "Soto Martin, Pablo"]
[Black "Largo Barbero, Benito"]
[Result "0-1"]
[WhiteElo "1779"]
[BlackElo "1920"]
[PlyCount "72"]
[EventDate "2013.11.30"]
[EventType "swiss"]
[EventRounds "9"]
[EventCountry "ESP"]
[Source "lmi"]
[SourceDate "2013.11.30"]

1. e4 e6 2. d4 d5 3. Nc3 h6 4. Bd3 Bb4 5. e5 c5 6. a3 Bxc3+ 7. bxc3 Nc6 8. Qg4
g6 9. Nf3 Nge7 10. O-O c4 11. Be2 Nf5 12. Qh3 Qa5 13. Bd2 Bd7 14. g4 Nfe7 15.
Qh4 O-O-O 16. Qf6 g5 17. Qxf7 Rdf8 18. Qh5 Be8 19. Qh3 Bg6 20. Ra2 Be4 21. Rd1
Ng6 22. Qg3 Nf4 23. Bf1 Nh3+ 24. Qxh3 Rxf3 25. Qh5 Ne7 26. Bxg5 Ng6 27. Bd2
Rhf8 28. Be1 Qd8 29. Rb2 Qe7 30. a4 R8f7 31. a5 Nf4 32. Qxh6 Rh7 33. Qf6 Nh3+
34. Bxh3 Rxf6 35. exf6 Qxf6 36. Bf1 Qf3 0-1

[Event "14. Open de la Constitución 2013"]
[Site "San Sebastian de los Reyes ES"]
[Date "2013.12.08"]
[Round "9.15"]
[White "Sacristan Virseda, Fernando"]
[Black "Cerrato Torrijos, Javier"]
[Result "0-1"]
[WhiteElo "1941"]
[BlackElo "1794"]
[PlyCount "116"]
[EventDate "2013.11.30"]
[EventType "swiss"]
[EventRounds "9"]
[EventCountry "ESP"]
[Source "lmi"]
[SourceDate "2013.11.30"]

1. e4 c5 2. Nc3 d6 3. g3 g6 4. Bg2 Bg7 5. d3 Nc6 6. Be3 e6 7. Qd2 Nd4 8. O-O-O
h6 9. h4 Nf6 10. f3 e5 11. Nd5 Be6 12. c4 b5 13. Ne2 Rb8 14. Kb1 a5 15. Nec3
Bxd5 16. Nxd5 Nxd5 17. cxd5 b4 18. Bxd4 cxd4 19. Rc1 h5 20. Rc6 Bh6 21. Qc2 O-O
22. Bh3 Re8 23. g4 Be3 24. gxh5 gxh5 25. Bf5 Kh8 26. Rc7 Re7 27. Rxe7 Qxe7 28.
Qc6 Rg8 29. a3 bxa3 30. bxa3 Bd2 31. Rh2 Rg1+ 32. Ka2 Bc3 33. Bd7 Qf6 34. Bf5
Qd8 35. Bd7 Ra1+ 36. Kb3 Qb8+ 37. Ka4 Bb4 38. Qc8+ Qxc8 39. Bxc8 Rxa3+ 40. Kb5
Rxd3 41. Kc6 Rxf3 42. Kd7 Rg3 43. Ba6 d3 44. Ke7 d2 45. Be2 Rg1 46. Bxh5 d1=Q
47. Bxd1 Rxd1 48. Kxf7 Rf1+ 49. Kg6 Rg1+ 50. Kf7 Kh7 51. Kf6 Rf1+ 52. Kg5 Rf4
53. Rc2 Rf7 54. h5 a4 55. Rb2 Bc5 56. Ra2 a3 57. h6 Be3+ 58. Kh5 Bc1 0-1

[Event "14. Open de la Constitución 2013"]
[Site "San Sebastian de los Reyes ES"]
[Date "2013.12.08"]
[Round "9.16"]
[White "Perez Gonzalez, Jesus Miguel"]
[Black "Martinez De Navascues, Francisco"]
[Result "1-0"]
[WhiteElo "1810"]
[BlackElo "1656"]
[PlyCount "89"]
[EventDate "2013.11.30"]
[EventType "swiss"]
[EventRounds "9"]
[EventCountry "ESP"]
[Source "lmi"]
[SourceDate "2013.11.30"]

1. g3 c5 2. Bg2 d5 3. Nf3 Nc6 4. O-O Nf6 5. d3 e6 6. Nbd2 Bd6 7. e4 Bc7 8. Re1
O-O 9. Nh4 Re8 10. f4 dxe4 11. dxe4 e5 12. f5 Qd4+ 13. Kh1 Rd8 14. Nhf3 Qd7 15.
c3 b5 16. Bf1 Rb8 17. Qc2 c4 18. b3 cxb3 19. Nxb3 Na5 20. Be3 Nxb3 21. axb3 a6
22. Red1 Qe8 23. c4 Bb7 24. Nd2 Rxd2 25. Qxd2 Nxe4 26. Qc2 Nf2+ 27. Kg1 Nxd1
28. Rxd1 Qc6 29. Bg2 Qxg2+ 30. Qxg2 Bxg2 31. Kxg2 bxc4 32. bxc4 Kf8 33. Rd7 Bb6
34. c5 Ke8 35. Rd6 Bd8 36. Rxa6 Be7 37. Kf3 Rc8 38. c6 Bd6 39. Ke4 Bc7 40. g4
f6 41. g5 Ke7 42. Bc5+ Bd6 43. Ra7+ Kd8 44. Rd7+ Ke8 45. Rxd6 1-0

[Event "14. Open de la Constitución 2013"]
[Site "San Sebastian de los Reyes ES"]
[Date "2013.12.08"]
[Round "9.17"]
[White "Mazo Fernandez, Roberto"]
[Black "Igea Benito, Angel"]
[Result "1-0"]
[WhiteElo "1740"]
[BlackElo "1583"]
[PlyCount "41"]
[EventDate "2013.11.30"]
[EventType "swiss"]
[EventRounds "9"]
[EventCountry "ESP"]
[Source "lmi"]
[SourceDate "2013.11.30"]

1. d4 b6 2. c4 Bb7 3. Nc3 e6 4. e4 Bb4 5. Qc2 Ne7 6. a3 Bxc3+ 7. bxc3 O-O 8. f3
d5 9. cxd5 exd5 10. Bd3 dxe4 11. fxe4 Ng6 12. Nf3 Nd7 13. O-O a5 14. Be3 Re8
15. e5 Ndf8 16. Ng5 Bd5 17. c4 h6 18. cxd5 hxg5 19. Bb5 Re7 20. Bxg5 f6 21.
exf6 1-0

[Event "14. Open de la Constitución 2013"]
[Site "San Sebastian de los Reyes ES"]
[Date "2013.12.08"]
[Round "9.18"]
[White "Soto Martin, Miguel"]
[Black "Fernandez Aransay, Fernando"]
[Result "0-1"]
[WhiteElo "1637"]
[BlackElo "1860"]
[PlyCount "47"]
[EventDate "2013.11.30"]
[EventType "swiss"]
[EventRounds "9"]
[EventCountry "ESP"]
[Source "lmi"]
[SourceDate "2013.11.30"]

1. d4 d5 2. Nf3 Nf6 3. c4 e6 4. e3 Be7 5. Nbd2 O-O 6. Bd3 b6 7. b3 Bb7 8. Bb2
Nbd7 9. O-O c5 10. Rc1 Rc8 11. Qe2 Ne4 12. Ne5 Ndf6 13. f3 Nxd2 14. Qxd2 dxc4
15. Nxc4 Nd5 16. Bb1 g6 17. dxc5 Bxc5 18. Kh1 Ba6 19. e4 Bxc4 20. Rxc4 Ne3 21.
Qc3 Bd4 22. Rxc8 Bxc3 23. Rxd8 Rxd8 24. Re1 0-1

[Event "14. Open de la Constitución 2013"]
[Site "San Sebastian de los Reyes ES"]
[Date "2013.12.08"]
[Round "9.19"]
[White "Perez Del Amo, Jorge"]
[Black "Anton Quevedo, Andrea"]
[Result "1/2-1/2"]
[WhiteElo "1847"]
[BlackElo "1504"]
[PlyCount "143"]
[EventDate "2013.11.30"]
[EventType "swiss"]
[EventRounds "9"]
[EventCountry "ESP"]
[Source "lmi"]
[SourceDate "2013.11.30"]

1. Nf3 Nc6 2. d4 d5 3. e3 a6 4. b3 Bg4 5. Be2 Nf6 6. Bb2 e6 7. O-O Bd6 8. Nbd2
O-O 9. c4 b6 10. a3 a5 11. h3 Bf5 12. Nh4 Be4 13. f3 Bg3 14. fxe4 dxe4 15. Nhf3
exf3 16. Bxf3 Qd6 17. Ne4 Nxe4 18. Bxe4 f5 19. Bf3 Rad8 20. d5 Ne7 21. dxe6
Qxe6 22. Qe2 Kh8 23. Rad1 Rd6 24. Rxd6 Qxd6 25. Rd1 Qc5 26. Kh1 Ng6 27. Rd7 Ne5
28. Rd5 Qe7 29. e4 c6 30. Rd4 Nxf3 31. gxf3 Be5 32. exf5 Qf6 33. Rd2 Bxb2 34.
Rxb2 Qxf5 35. Kg2 h5 36. Rd2 Qg5+ 37. Kf2 h4 38. Rd3 Qg3+ 39. Kf1 Qxh3+ 40. Ke1
Qg3+ 41. Kd2 h3 42. Re3 Qd6+ 43. Rd3 Qf4+ 44. Kc2 h2 45. Qg2 Qh4 46. Rd1 Rf6
47. Rd8+ Kh7 48. Rd1 Rg6 49. Qh1 Qf2+ 50. Rd2 Rg1 51. Qxh2+ Qxh2 52. Rxh2+ Kg6
53. Kd3 Rf1 54. Rh3 Kf5 55. b4 Ra1 56. Rh5+ Kf4 57. bxa5 Rxa3+ 58. Kd4 c5+ 59.
Kd5 Rxa5 60. Kc6 Ra4 61. Kxb6 Kxf3 62. Rxc5 Kf4 63. Kb5 Ra1 64. Rd5 Rb1+ 65.
Ka6 g5 66. c5 Rc1 67. Kb7 g4 68. Rd4+ Kf3 69. Rd3+ Ke4 70. Rg3 Kf4 71. Rxg4+
Kxg4 72. Kc6 1/2-1/2

[Event "14. Open de la Constitución 2013"]
[Site "San Sebastian de los Reyes ES"]
[Date "2013.12.08"]
[Round "9.20"]
[White "Del Campo Lobo, Joaquin"]
[Black "Minguela Muñoz, Bienvenido"]
[Result "0-1"]
[WhiteElo "1611"]
[BlackElo "1817"]
[PlyCount "76"]
[EventDate "2013.11.30"]
[EventType "swiss"]
[EventRounds "9"]
[EventCountry "ESP"]
[Source "lmi"]
[SourceDate "2013.11.30"]

1. d4 Nf6 2. c4 e6 3. Nf3 b6 4. g3 Bb7 5. Bg2 d5 6. Nc3 Nbd7 7. cxd5 exd5 8.
O-O Be7 9. Bf4 O-O 10. Rc1 a6 11. Ne5 Bd6 12. Qb3 Bxe5 13. dxe5 Nc5 14. Qc2
Nfe4 15. Nxe4 dxe4 16. b4 Ne6 17. Bxe4 Bxe4 18. Qxe4 Qe7 19. Bd2 Rad8 20. Bc3
Qg5 21. Rfd1 Qh5 22. h4 g5 23. Qf3 Qxf3 24. exf3 gxh4 25. gxh4 Kg7 26. Kh2 Kg6
27. Rg1+ Kf5 28. Rg4 Rd3 29. Kg3 h5 30. Rc4 Rg8+ 31. Kh2 Rxf3 32. Rc2 Nf4 33.
Rxf4+ Rxf4 34. Kh3 Rgg4 35. Bd2 Rf3+ 36. Kh2 Rxf2+ 37. Kh3 Rgg2 38. Rxc7 Rxd2
0-1

[Event "14. Open de la Constitución 2013"]
[Site "San Sebastian de los Reyes ES"]
[Date "2013.12.08"]
[Round "9.21"]
[White "Infante Martin, Alonso"]
[Black "Rodriguez Anton, Jose Miguel"]
[Result "0-1"]
[WhiteElo "1498"]
[BlackElo "1761"]
[PlyCount "100"]
[EventDate "2013.11.30"]
[EventType "swiss"]
[EventRounds "9"]
[EventCountry "ESP"]
[Source "lmi"]
[SourceDate "2013.11.30"]

1. d4 Nf6 2. c4 d6 3. Nc3 b6 4. f3 Bb7 5. e4 e6 6. Be3 Be7 7. Bd3 Nbd7 8. Qd2
c5 9. d5 exd5 10. cxd5 Ne5 11. Bb5+ Ned7 12. Nge2 a6 13. Bd3 Ne5 14. Ng3 O-O
15. Be2 b5 16. a3 Qa5 17. O-O Rfc8 18. f4 Neg4 19. Nf5 Rc7 20. Bf3 Re8 21. b4
cxb4 22. axb4 Qxb4 23. Rfc1 Nxe3 24. Qxe3 g6 25. Nxe7+ Rcxe7 26. Qd3 Qc5+ 27.
Kf1 Qb6 28. g3 Qd8 29. Re1 Qd7 30. Kg1 b4 31. Na4 Nxd5 32. Nb2 f5 33. e5 dxe5
34. Qc4 e4 35. Bd1 Rc8 36. Qd4 Qc6 37. Bb3 Qc5 38. Red1 Qxd4+ 39. Rxd4 Rd7 40.
Rad1 Rcd8 41. Na4 Kf8 42. Nc5 Ke7 43. Nxd7 Rxd7 44. Bxd5 Bxd5 45. Rxd5 Rc7 46.
Ra5 Rc6 47. Rda1 b3 48. Rxa6 b2 49. Rf1 Rxa6 50. Kg2 Ra1 0-1

[Event "14. Open de la Constitución 2013"]
[Site "San Sebastian de los Reyes ES"]
[Date "2013.12.08"]
[Round "9.22"]
[White "Sanchez Ortega, Ruben"]
[Black "Neila Ausin, Eva"]
[Result "0-1"]
[WhiteElo "1558"]
[BlackElo "1758"]
[PlyCount "68"]
[EventDate "2013.11.30"]
[EventType "swiss"]
[EventRounds "9"]
[EventCountry "ESP"]
[Source "lmi"]
[SourceDate "2013.11.30"]

1. d4 d5 2. Nf3 c6 3. Bf4 Bf5 4. e3 Nf6 5. Bd3 Bxd3 6. Qxd3 Nbd7 7. Nbd2 Qb6 8.
Qb3 e6 9. Qxb6 Nxb6 10. O-O Be7 11. Rfc1 Na4 12. c4 Nxb2 13. Rcb1 Nd3 14. Bg3
Nb4 15. a3 Nc2 16. Ra2 Nxa3 17. cxd5 Nb5 18. dxc6 bxc6 19. Rc1 Nd5 20. Ne4 Nb4
21. Ra4 O-O 22. Nc5 a5 23. Rca1 Bxc5 24. dxc5 Nd3 25. h3 f6 26. Rxa5 Rxa5 27.
Rxa5 e5 28. Ra2 Rd8 29. Rd2 Rd5 30. e4 Rd7 31. Ne1 Nxc5 32. Rc2 Nxe4 33. Rxc6
Rd1 34. Kf1 Nd4 0-1

[Event "14. Open de la Constitución 2013"]
[Site "San Sebastian de los Reyes ES"]
[Date "2013.12.08"]
[Round "9.23"]
[White "Menendez Hernandez, Jose Daniel"]
[Black "Hernandez Ramos, Alberto"]
[Result "1/2-1/2"]
[WhiteElo "1705"]
[BlackElo "1457"]
[PlyCount "88"]
[EventDate "2013.11.30"]
[EventType "swiss"]
[EventRounds "9"]
[EventCountry "ESP"]
[Source "lmi"]
[SourceDate "2013.11.30"]

1. e4 e6 2. d4 d5 3. Nd2 Nc6 4. c3 a6 5. Bd3 Nf6 6. e5 Nd7 7. f4 Ne7 8. Ndf3 c5
9. Ne2 Nc6 10. O-O Qb6 11. f5 cxd4 12. cxd4 Ndxe5 13. fxe6 Bxe6 14. Nxe5 Nxe5
15. Bf5 Nc6 16. Kh1 Bd6 17. Bxe6 fxe6 18. Nf4 Bxf4 19. Rxf4 Qc7 20. Qg4 Qe7 21.
Bd2 Kd7 22. Re1 Rhf8 23. Rxf8 Rxf8 24. h3 h6 25. Bf4 Qf6 26. Be5 Nxe5 27. dxe5
Qf7 28. Qa4+ Kc8 29. Qb4 Rd8 30. Rc1+ Kb8 31. Qb6 Qd7 32. Rc6 Qxc6 33. Qxd8+
Ka7 34. Qe7 Qc1+ 35. Kh2 Qf4+ 36. Kh1 Qxe5 37. Qc5+ Kb8 38. Qf8+ Kc7 39. Qc5+
Kd7 40. Qb4 b5 41. Qc5 Qc7 42. Qd4 Kc8 43. Qg4 Qf7 44. Qd4 Qe7 1/2-1/2

[Event "14. Open de la Constitución 2013"]
[Site "San Sebastian de los Reyes ES"]
[Date "2013.12.08"]
[Round "9.24"]
[White "Martinez Miura, Enrique"]
[Black "Guillo Longares, Cecilia"]
[Result "1/2-1/2"]
[WhiteElo "1693"]
[BlackElo "1398"]
[PlyCount "89"]
[EventDate "2013.11.30"]
[EventType "swiss"]
[EventRounds "9"]
[EventCountry "ESP"]
[Source "lmi"]
[SourceDate "2013.11.30"]

1. e4 c5 2. Nf3 Nc6 3. d4 cxd4 4. Nxd4 g6 5. Be3 Bg7 6. Be2 d6 7. O-O Nf6 8.
Nc3 O-O 9. Qd2 Bd7 10. Rad1 a6 11. f3 Rc8 12. Nxc6 Bxc6 13. Kh1 Qc7 14. Bh6 b5
15. Bxg7 Kxg7 16. a3 Bb7 17. Bd3 Qc5 18. Rfe1 Rfd8 19. Re2 e6 20. Rde1 d5 21.
exd5 Bxd5 22. Nxd5 Nxd5 23. Qg5 Qd4 24. Qc1 Qf4 25. Qd1 Nf6 26. Re5 Qd4 27. Qa1
Rd5 28. Rxd5 Qxd5 29. a4 Qc6 30. axb5 axb5 31. Qa5 h5 32. c3 Rb8 33. h3 Qb6 34.
Qa3 b4 35. Qa1 bxc3 36. bxc3 Qc5 37. c4 Rd8 38. Bf1 Rd4 39. Qb2 Nd7 40. Re4 e5
41. Re1 Nb6 42. Kh2 Nxc4 43. Bxc4 Rxc4 44. Rxe5 Qd4 45. Qxd4 1/2-1/2

[Event "14. Open de la Constitución 2013"]
[Site "San Sebastian de los Reyes ES"]
[Date "2013.12.08"]
[Round "9.25"]
[White "Hidalgo Prado, David"]
[Black "Sebastian Enesco, Alex"]
[Result "0-1"]
[WhiteElo "1455"]
[BlackElo "1775"]
[PlyCount "100"]
[EventDate "2013.11.30"]
[EventType "swiss"]
[EventRounds "9"]
[EventCountry "ESP"]
[Source "lmi"]
[SourceDate "2013.11.30"]

1. e4 Nf6 2. Nc3 d5 3. exd5 Nxd5 4. Nxd5 Qxd5 5. Nf3 e5 6. c4 Qa5 7. Bd3 Nc6 8.
O-O Bg4 9. h3 Bh5 10. Be4 Bd6 11. Qb3 Nb4 12. a3 O-O 13. d4 Bxf3 14. Bxf3 Nc6
15. Bxc6 bxc6 16. c5 Be7 17. Be3 exd4 18. Bxd4 Bxc5 19. Bxc5 Qxc5 20. Rfc1 Qd6
21. Qc3 Rab8 22. Qxc6 Rxb2 23. Qxc7 Qf6 24. Qxa7 h5 25. Qc5 Rfb8 26. Qe3 R8b3
27. Qe1 Qf5 28. Qe8+ Kh7 29. Rf1 Rc3 30. a4 Rbb3 31. f3 Rb2 32. Qe4 Qxe4 33.
fxe4 Rcc2 34. Rxf7 Rxg2+ 35. Kf1 Rh2 36. Kg1 Rbg2+ 37. Kf1 Rg3 38. Re1 Rhxh3
39. e5 Re3 40. Re2 Rh1+ 41. Kf2 Rxe2+ 42. Kxe2 Ra1 43. Ra7 Kg8 44. e6 Kf8 45.
Rf7+ Kg8 46. Ra7 g5 47. Ra5 Kf8 48. Rf5+ Ke7 49. a5 h4 50. Rxg5 h3 0-1

[Event "14. Open de la Constitución 2013"]
[Site "San Sebastian de los Reyes ES"]
[Date "2013.12.08"]
[Round "9.26"]
[White "Sirera Ripoll, Jose Luis"]
[Black "Jimenez Perez, Federico"]
[Result "1-0"]
[WhiteElo "1753"]
[BlackElo "1289"]
[PlyCount "55"]
[EventDate "2013.11.30"]
[EventType "swiss"]
[EventRounds "9"]
[EventCountry "ESP"]
[Source "lmi"]
[SourceDate "2013.11.30"]

1. e4 c5 2. Nf3 d6 3. d4 cxd4 4. Nxd4 Nf6 5. Nc3 a6 6. Bg5 e5 7. Nb3 Be7 8. Bd3
O-O 9. f4 exf4 10. Bxf4 Qb6 11. Qd2 Bd7 12. h3 Nc6 13. O-O-O Qd8 14. g4 h6 15.
g5 Nh5 16. Be3 Bxg5 17. Rdg1 f6 18. h4 Ne5 19. hxg5 Nf3 20. Qe2 fxg5 21. Rxh5
Nxg1 22. Bxg1 g4 23. Nd4 Qb6 24. Nd5 Qd8 25. Nf5 Bxf5 26. exf5 Qa5 27. Ne7+ Kh7
28. f6+ 1-0

[Event "14. Open de la Constitución 2013"]
[Site "San Sebastian de los Reyes ES"]
[Date "2013.12.08"]
[Round "9.31"]
[White "Benito Mellado, Humberto"]
[Black "Gomez Escurin, Jose Manuel"]
[Result "0-1"]
[WhiteElo "1542"]
[BlackElo "1301"]
[PlyCount "66"]
[EventDate "2013.11.30"]
[EventType "swiss"]
[EventRounds "9"]
[EventCountry "ESP"]
[Source "lmi"]
[SourceDate "2013.11.30"]

1. d4 e6 2. c4 Nf6 3. Nc3 c6 4. Bg5 d5 5. e3 Nbd7 6. Nf3 Be7 7. Bd3 O-O 8. O-O
Qc7 9. Qc2 Bd6 10. c5 Be7 11. Bxh7+ Nxh7 12. Bxe7 Re8 13. Bd6 Qd8 14. Ne2 Ndf6
15. Nd2 b6 16. Qd3 a5 17. Rfe1 Ba6 18. Qc2 Bxe2 19. Rxe2 bxc5 20. dxc5 Ng5 21.
f3 e5 22. e4 Ne6 23. exd5 Nd4 24. Qd1 Nxe2+ 25. Qxe2 cxd5 26. Bxe5 Qe7 27. f4
Qxc5+ 28. Kh1 Rac8 29. h3 Nd7 30. Nf3 f6 31. Bd4 Rxe2 32. Bxc5 Nxc5 33. Nd4
Rxb2 0-1